000 00876nas a2200277 4500
001 BR0802929
003 BR-BrBNA
005 20231205112120.0
007 ta
008 230509b bl.|||p| |||| 00| 00por d
040 _aBR-BrBNA
_bpor
_cBiblioteca Nacional de Agricultura
041 _a(En)
072 _aL50; L20
100 1 _aReu Júnior, W.F.
100 1 _aClaro, K.D.
245 1 _aNatural history and biology of Chlamisus Lacordaire (Chrysomelidae: Chlamisinae)
650 _aINSETO
650 _aBIOLOGIA ANIMAL
650 _aECOLOGIA ANIMAL
650 _aBEZOURO
650 _aCERRADO
650 _aANIMAL HERBIVORO
773 0 _tNatural history and biology of Chlamisus minax Lacordaire (Chrysomelidae: Chlamisinae)
_xISSN 1519-566X
_g(May-Jun 2005), v. 34(3) p. 357-362
_wBR0802929
909 _a202311
_bLúcia
_c55
_dLúcia Elande
942 _2AGRIS
_n0
_cANA
999 _c196168
_d196168